000 01152nam a2200325 i 4500
001 000024309
003 DO-SdBNP
005 20250502093253.0
007 ta
008 110126s1984 dr 000 0 spa d
020 _a8484000125
040 _aDO-SdBNP
_bspa
_cBNPHU
_erda
082 4 _a327.7307293
_bM671r
_222
100 1 _aMir, Pedro,
_d1913-2000
_eautor
_4aut.
_97245
245 1 4 _aLas raíces dominicanas de la doctrina de Monroe /
_cPedro Mir.
264 1 _aSanto Domingo :
_bTaller,
_c1984.
300 _a107 páginas ;
_c23 cm.
336 _atexto
_btxt
_2rdacontent
337 _asin mediación
_bn
_2rdamedia
338 _avolumen
_bnc
_2rdacarrier
490 1 _aBiblioteca Taller ;
_v43
500 _aIncluye referencias bibliográficas y notas al pie de las páginas
590 _aInventariado, 2018/BT
650 4 _aDoctrina de monroe
_949882
651 4 _aRepública Dominicana
_xHistoria
_9170
651 4 _aRepública Dominicana
_xRelaciones exteriores
_zEstados Unidos
_96308
651 4 _aEstados Unidos
_xRelaciones exteriores
_zRepública Dominicana
_96309
910 _aValidado. Control de calidad. MMOLINA
942 _2ddc
_cLBS1
999 _c23802
_d23802